000
00319nam a2200121Ia 4500
008
210210b1981 xxu||||| |||| 00| 0 eng d
082
_a
158 DEMP
100
_a
DE MELO (Francis), Ed.
245
_a
You and work student's workbook.
260
_a
Delhi
_b
Frank Bros & co.
_c
1981
690
_a
Psychology
906
_a
SG01438
999
_c
112701
_d
112701